Govt. of
Madhya Pradesh

indian PoLitical Thought and its Contempory Relevance (Record no. 64159)

MARC details
000 -LEADER
fixed length control field 00286nam a22001097a 4500
082 ## - DEWEY DECIMAL CLASSIFICATION NUMBER
Classification number 320
100 ## - MAIN ENTRY--AUTHOR NAME
Personal name Bandyopadyay, Sekhar
245 ## - TITLE STATEMENT
Title indian PoLitical Thought and its Contempory Relevance
260 ## - PUBLICATION, DISTRIBUTION, ETC. (IMPRINT)
Place of publication Delhi
Name of publisher Atlantic Pub
650 ## - SUBJECT ADDED ENTRY--TOPICAL TERM
Topical Term indian PoLitical
942 ## - ADDED ENTRY ELEMENTS (KOHA)
Koha item type Books

No items available.